LEADER 00932nam0-22003251i-450- 001 990005579180403321 005 20101207101825.0 035 $a000557918 035 $aFED01000557918 035 $a(Aleph)000557918FED01 035 $a000557918 100 $a19990604d1979----km-y0itay50------ba 101 0 $aita 102 $aIT 105 $aa---a---001yy 200 1 $aStoria dell'urbanistica$eil Seicento$fEnrico Guidoni, Angela Marino 210 $aRoma ; Bari$cEditori Laterza$d1979 215 $a635 p.$cill.$d25 cm 225 1 $aGrandi opere 610 0 $aUrbanistica$aStoria$aSec. 17. 676 $a711.09$v21$zita 700 1$aGuidoni,$bEnrico$f<1939-2007>$0327210 702 1$aMarino,$bAngela 801 0$aIT$bUNINA$gRICA$2UNIMARC 901 $aBK 912 $a990005579180403321 952 $a711.09 GUI 1$bST. ARTE 14642$fFLFBC 959 $aFLFBC 996 $aStoria dell'urbanistica$9117121 997 $aUNINA LEADER 00972nam0-2200289---450- 001 990008244510403321 005 20060516155424.0 035 $a000824451 035 $aFED01000824451 035 $a(Aleph)000824451FED01 035 $a000824451 100 $a20051213d1989----km-y0itay50------ba 101 0 $aita 102 $aIT 105 $ay-------001yy 200 1 $a<>personale della provincia di Napoli$ebrevi note introduttive per un'indagine sulle risorse umane$f[Amministrazione provinciale di Napoli] 210 $aNapoli$cUfficio Studi e Programmazione Provincia di Napoli$d1989 215 $a37 p. 676 $a331.11$v12 rid.$zita 710 01$aNapoli$c.$bAssessorato alla programmazione.$bUfficio studi e programmmazione$0499304 801 0$aIT$bUNINA$gRICA$2UNIMARC 901 $aBK 912 $a990008244510403321 952 $aF 163$bs.i.$fDSS 959 $aDSS 996 $aPersonale della provincia di Napoli$9737140 997 $aUNINA LEADER 01132nam--2200373---450- 001 990001867030203316 005 20041217104224.0 035 $a000186703 035 $aUSA01000186703 035 $a(ALEPH)000186703USA01 035 $a000186703 100 $a20040721d1976----km-y0itay0103----ba 101 0 $aita 102 $aIT 105 $a||||||||001yy 200 1 $aDonne, resistenza e rivoluzione$fSheila Rowbotham$gtraduzione di Laura Comoglio 210 $aTorino$cEinaudi$d1976 215 $aVIII, 319 p.$d18 cm 225 2 $aPiccola biblioteca Einaudi$v289 410 0$12001$aPiccola biblioteca Einaudi$289 454 1$12001 461 1$1001-------$12001 700 1$aROWBOTHAM,$bSheila$0235161 702 1$aCOMOGLIO,$bLaura 801 0$aIT$bsalbc$gISBD 912 $a990001867030203316 951 $aII.5. 163(Varie coll.11/289)$b74354 L.M.$cVarie coll. 959 $aBK 969 $aUMA 979 $aSIAV3$b10$c20040721$lUSA01$h1602 979 $aSIAV3$b10$c20040721$lUSA01$h1606 979 $aCOPAT3$b90$c20041217$lUSA01$h1042 996 $aDonne, resistenza e rivoluzione$9150509 997 $aUNISA